| 000 | 02171ncm0a2200409 4500 | ||
|---|---|---|---|
| 001 | RU\NLR\ONIZ\216655 | ||
| 005 | 20250626062313.0 | ||
| 013 | _a979-0-706421-04-9 | ||
| 021 |
_aRU _b15-238н _915-14н |
||
| 035 | _a(NLR Aleph) 011414175 | ||
| 090 |
_a11574051 _c11574051 |
||
| 100 | _a20170310d2015 |||y0rusy50 ca | ||
| 101 | 0 | _arus | |
| 102 | _aRU | ||
| 125 | _adx | ||
| 128 | _ascs | ||
| 145 | 0 | _aa | |
| 200 | 1 |
_aХрестоматия по вокальному ансамблю _bНоты _eучеб.-метод. пособие _eв 2 ч. _hЧ. 1 _iДуховные произведения сибирских композиторов _fсост. С. В. Одереева |
|
| 208 | _a[Партитура] | ||
| 210 |
_aКрасноярск _cФГБОУ ВПО КГАМиТ _d2015 |
||
| 215 |
_a141 с. _d29 см |
||
| 300 | _aПредисл.: с. 3-8 | ||
| 313 | _aСистематизация документа проведена по изданию - Методика классифицирования музыкальных произведений (нотных изданий) по таблицам Библиотечно-библиографических классификаций : метод. рекомендации / Гос. б-ка СССР им. В.И. Ленина.- М., 1977. Индексу ББК методических рекомендаций присваивается код ББК для научных библиотек - LBC/SL | ||
| 606 | 1 |
_aДуховная музыка сибирских композиторов _yРоссия _zXX-XXI в. _jНоты _2nlr_sh |
|
| 686 |
_aЩ99я43(2Р5) _vLBC/SL _2rubbk |
||
| 686 |
_aЩ942.93(2Р5) _vLBC/SL _2rubbk |
||
| 700 | 1 |
_9z02790 _aОдереева _bС. В. _gСветлана Валентиновна _4220 |
|
| 790 | 1 |
_9z02700 _aOdereeva _bS. V. _gSvetlana Valentinovna _4220 |
|
| 801 | 0 |
_aRU _bNLR _c20170310 _gPSBO |
|
| 801 | 1 |
_aRU _bNLR _c20170310 _2rusmarc |
|
| 801 | 2 |
_aRU _bNLR _c20190630 |
|
| 852 |
_aNLR _bМ _j3/11553(1) _pМОЭ 2015-14н/238н _t1 |
||
| 852 |
_aNLR _bМ _j3/11553(1)а _pМОЭ 2015-14н/238на _t2 |
||
| 942 | _cSCORE | ||
| 980 | _aNB | ||
| 980 | _aONIZ | ||